Postavenie Karibskej oblasti v zahraničnoobchodných vzťahoch EÚ s implikáciou na Slovensku republiku diplomová práca

Guardado en:
Detalles Bibliográficos
Autor principal: Pálfiová, Simona
Autor Corporativo: Obchodná fakulta EU. Katedra medzinárodného obchodu
Otros Autores: Zubaľová, Ľubica, 1969-
Formato: Libro
Lenguaje:eslovaco
Publicado: Bratislava 2025
Etiquetas: Agregar Etiqueta
Sin Etiquetas, Sea el primero en etiquetar este registro!

MARC

LEADER 00000nbm a2200000 4500
001 0310238
005 20251110132930.0
041 0 |a slo 
044 |a SK 
245 1 0 |a Postavenie Karibskej oblasti v zahraničnoobchodných vzťahoch EÚ s implikáciou na Slovensku republiku  |b diplomová práca  |c Simona Pálfiová ; školiteľ: Ľubica Zubaľová 
264 1 |a Bratislava  |c 2025 
300 |a 110 s. 
100 1 |a Pálfiová, Simona 
700 1 |a Zubaľová, Ľubica, 1969- 
710 2 |a Obchodná fakulta EU. Katedra medzinárodného obchodu